00477nam a2200193Ia 4500008004100000020001800041245001800059245005000077245002100127260001500148260001600163260000900179300001600188300002500204300001000229440001700239500000800256999001900264170705s9999 xx 000 0 und d a9781606310588 aOh my Gods! : ba look-it-up guide to the Gods of mythology / cMegan E. Bryant. aNew York : bScholastic, c2009 a128 pages : bcolor illustration ; c23cm. aMythlopedia. a960 c336551d336551